UBT Library

Krause's food, nutrition, & diet therapy / (Record no. 44109)

000 -LEADER
fixed length control field 00922cam a22002774a 4500
001 - CONTROL NUMBER
control field 4994324
005 - DATE AND TIME OF LATEST TRANSACTION
control field 20180306031841.0
008 - FIXED-LENGTH DATA ELEMENTS--GENERAL INFORMATION
fixed length control field 990609s2000 paua b 001 0 eng
010 ## - LIBRARY OF CONGRESS CONTROL NUMBER
LC control number 99016752
020 ## - INTERNATIONAL STANDARD BOOK NUMBER
International Standard Book Number 0721679048
040 ## - CATALOGING SOURCE
Original cataloging agency DLC
Transcribing agency DLC
Modifying agency DLC
041 ## - LANGUAGE CODE
Language code of text/sound track or separate title eng
042 ## - AUTHENTICATION CODE
Authentication code pcc
080 ## - UNIVERSAL DECIMAL CLASSIFICATION NUMBER
Universal Decimal Classification number 615.854 mah
082 00 - DEWEY DECIMAL CLASSIFICATION NUMBER
Classification number 615.854 mah
Edition number 21
100 ## - Rafti
Rafti 5
101 ## - Shkurtesa
Shkurtesa nut
245 00 - TITLE STATEMENT
Title Krause's food, nutrition, & diet therapy /
Statement of responsibility, etc edited by L. Kathleen Mahan, Sylvia Escott-Stump.
246 30 - VARYING FORM OF TITLE
Title proper/short title Food, nutrition, & diet therapy
246 30 - VARYING FORM OF TITLE
Title proper/short title Krause's food, nutrition, and diet therapy
246 30 - VARYING FORM OF TITLE
Title proper/short title Food, nutriton, and diet therapy
504 ## - BIBLIOGRAPHY, ETC. NOTE
Bibliography, etc Includes bibliographical references and index.
906 ## - LOCAL DATA ELEMENT F, LDF (RLIN)
a 7
b cbc
c orignew
d 1
e ocip
f 19
g y-gencatlg
942 ## - ADDED ENTRY ELEMENTS (KOHA)
Source of classification or shelving scheme
Item type Books
Holdings
Withdrawn status Lost status Source of classification or shelving scheme Damaged status Not for loan Collection code Permanent location Current location Shelving location Date acquired Total Checkouts Full call number Barcode Date last seen Price effective from Koha item type
          Koleksioni i përgjithshem UBT - Lipjan UBT - Lipjan Koleksioni i përgjithshem 03/06/2018   615.854 mah 002-3000965 03/06/2018 03/06/2018 Books
UBT Library © 2015-2024. All rights reserved University Education for Business and Technology